A Quiz All About the Titanic - Statistics

General Stats
  • This quiz has been taken 3,358 times
  • The average score is 12 of 15
Answer Stats
Question Answer % Correct
In what year did the Titanic sink? 1912
97%
What did the Titanic hit that caused it to sink? An iceberg
94%
In what ocean did the Titanic sink? The Atlantic
91%
Who plays Jack Dawson in the movie? Leonardo Dicaprio
88%
The maiden voyage of the ship was traveling from Southampton, UK to where in the United States? New York City
88%
What is the main theme song to the 1997 blockbuster film? My Heart Will Go On
80%
How many Oscars was the 1997 movie "Titanic" nominated for? (Not how many did it win.) 14
79%
Who performs/sings the song? Céline Dion
79%
Who plays Rose DeWitt Bukater in the movie? Kate Winslet
79%
Who directed the 1997 movie "Titanic"? James Cameron
78%
How does Rose free Jack when he is handcuffed to a pipe for being framed for stealing the necklace? An axe
70%
To the nearest hundreds place, approximately how many passengers died aboard the ship? 1,500
69%
What is the name of the diamond necklace that Caledon Hockley gives to Rose? The Heart of the Ocean
65%
On what date did the Titanic completely sink/go under the water? April 15th
61%
Where on the ship do Jack and Rose first kiss in the movie? The Bow
53%
No matching quizzes found
Score Distribution
Percent of People with Each Score
Percentile by Number Answered
Your Score History
You have not taken this quiz